This nuclear night of winter light (Record no. 5249)
[ view plain ]
| 000 -LEADER | |
|---|---|
| fixed length control field | 00434 a2200169 4500 |
| 003 - CONTROL NUMBER IDENTIFIER | |
| control field | NUST |
| 020 ## - INTERNATIONAL STANDARD BOOK NUMBER | |
| International Standard Book Number | 9698637001 |
| 038 ## - RECORD CONTENT LICENSOR | |
| Staff Name | A |
| 082 ## - DEWEY DECIMAL CLASSIFICATION NUMBER | |
| Classification number | 821 |
| Author Mark | KHA |
| 100 ## - MAIN ENTRY--PERSONAL NAME | |
| Personal name | Irshad Ullah Khan |
| 9 (RLIN) | 81003 |
| 245 ## - TITLE STATEMENT | |
| Title | This nuclear night of winter light |
| Statement of responsibility, etc. | Irshad Ullah Khan |
| 260 ## - PUBLICATION, DISTRIBUTION, ETC. | |
| Place of publication, distribution, etc. | Islamabad : |
| Name of publisher, distributor, etc. | Eastern Publications, |
| Date of publication, distribution, etc. | 2001. |
| 300 ## - PHYSICAL DESCRIPTION | |
| Extent | 81 p. ; |
| Dimensions | 19 cm. |
| 563 ## - BINDING INFORMATION | |
| Binding note | H.B |
| 650 ## - SUBJECT ADDED ENTRY--TOPICAL TERM | |
| Topical term or geographic name entry element | English poetry |
| 9 (RLIN) | 49858 |
| 942 ## - ADDED ENTRY ELEMENTS (KOHA) | |
| Koha item type | Book |
| Call number prefix | 821 KHA |
| Source of classification or shelving scheme | |
| Withdrawn status | Lost status | Source of classification or shelving scheme | Damaged status | Not for loan | Permanent Location | Current Location | Shelving location | Date acquired | Source of acquisition | Total Checkouts | Full call number | Barcode | Date last seen | Date last checked out | Price effective from | Koha item type |
|---|---|---|---|---|---|---|---|---|---|---|---|---|---|---|---|---|
| Central Library (CL) | Central Library (CL) | General Stacks | 06/08/2002 | Donation | 1 | 821 KHA | SEECS002123 | 02/27/2024 | 01/15/2022 | 01/05/2017 | Book |
